000 00588cam a22002053a 4500
001 37411
003 PGUSA
005 20140828083824.0
008 110912s2011||||xxu|||||s|||||000 | eng d
040 _aPGUSA
_beng
042 _adc
100 1 _aSayce, A. H.
_q(Archibald Henry),
_d1845-1933
245 1 2 _aA Primer of Assyriology
_h[electronic resource] /
_cA. H. Sayce
260 _bProject Gutenberg,
_c2011
506 _aPublic domain in the USA.
516 _aElectronic text
830 0 _aProject Gutenberg
_v37411
856 4 0 _uhttp://www.gutenberg.org/ebooks/37411
942 _cEB
999 _c266665
_d266665